000 00996nam a2200253 i 4500
001 26492
003 ES-MaACL
005 20230906153442.0
007 t|
008 030109s1946 sp ||||1| spa d
080 _a331.2
100 1 _aAunós Pérez, Antonio.
_923921
245 1 3 _aEl salario justo :
_bprincipios político-sociales para su implantación : conferencia pronunciada en el solemne acto de clausura del curso académico 1945-46 /
_cpor Antonio Aunós Pérez.
260 _aBarcelona :
_bPatronato de la Escuela Social de Barcelona,
_c1946 (
_fGráf. Alfa)
300 _a32 p. ;
_c24 cm.
490 1 _aSerie A: discursos y conferencias ;
_v15
504 _aReferencias bibliográficas.
594 _aPrecede a tít.: Ministerio de Trabajo. Escuela Social de Barcelona.
650 4 _aSalarios.
_916967
710 2 _aEscuela Social de Barcelona.
_9173570
830 1 _aSerie A: discursos y conferencias ;
_v15
_9181043
852 _aES-MaACL
_j1873-F-2
999 _c26492
_d26492